00822nam a2200253 i 45000010005000000030009000050050017000140080041000310200018000720800016000900800013001061000028001192450050001472600032001973000036002294900026002655000013002915040032003046500039003368300034003758520022004099990015004319520122004469927ES-MaACL20230906145803.0940518s1993 sp ||||1| spa d a84-8089-004-5 a7.033.4(46) a7(46-81)1 aCobreros, Jaime.93937513aEl románico en España / cJaime Cobreros. aMadrid : bIncafo, c[1993. a819 p. : bil., fot. ; c22 cm.1 aGuías periplo. Arte aIndices. aBibliografía: p. 774-779. 4aArte románico-zEspaña.9103051 aGuías periplo. Arte9228084 aES-MaACLjL-17415 c9927d9927 00104070aATENEOMbATENEOMcDEPO2d2008-01-17eSCl0oL-17415p1010134r2023-02-23 00:00:00w2023-02-23yMONOGRAFIA